01444nam a2200241 i 450000100060000000300090000600500170001500700030003200800410003510000350007624502080011125000120031926000370033130000200036850504710038865000360085970000400089570000420093570000490097785200350102699900170106195201240107851669ES-MaACL20230906162415.0t|030814s1982 sp ||||1| spa d0 aChâtelet, François.93818710aHistoria de la filosofía b: ideas, doctrinas / cpor François Chatelet ; traducción del francés por Victorio Peral Domínguez, María Luisa Pérez Torres, Francisco Javier Aguirre González. a2ª ed. aMadrid : bEspasa-Calpe, c1982. a4 v. ; c23 cm.8 aContiene: La filosofía pagana : (del siglo VI a.c. al siglo III d.c.). La filosofía medieval : (del siglo I al siglo XV). -- T. II: La filosofía del mundo moderno : (siglos XVI y XVIII). Los ilustrados (el siglo XVIII). -- T. III: La filosofía y la historia : (1780-1880). La filosofía del mundo científico e industrial : (1860-1940). -- T. IV: La filosofía de las ciencias sociales (de 1860 a nuestros días). Historia de la filosofía (el siglo XX) 4aFilosofía-vHistoria.91582481 aPeral Domínguez, Victorio.9903551 aPérez Torres, María Luisa.9911781 aAguirre González, Francisco Javier.918877 aES-MaACLjL-2767-70 bR.103625 c51669d51669 00104070aATENEOMbATENEOMcDEPO2d2008-01-17eSCl0oL-2767-70p1054335r2023-02-23 00:00:00w2023-02-23yMONOGRAFIA